| 000 | 00787nam a2200265 a 4500 | ||
|---|---|---|---|
| 001 | 56824 | ||
| 003 | BD-RJUL | ||
| 005 | 20211209080433.0 | ||
| 008 | 161204s enk 000 0 eng d | ||
| 035 | _aCURL 0500B6309981(Lon) from rajwc151 | ||
| 035 | _aBD-RjUL56948 | ||
| 040 |
_aBD-RjUL _beng _cBD-RjUL |
||
| 041 | _aeng | ||
| 082 |
_a100 _223 _bAYP 1954 |
||
| 100 | 1 |
_aAyer, A. J. _q(Alfred Jules), _d1910-1989 . _9168813 |
|
| 245 | 1 | 0 |
_aPhilosophical essays / _cby A.J. Ayer |
| 250 | _anew ed. | ||
| 260 |
_aLondon : _bMacmillan, _c1954 |
||
| 300 |
_axi, 289 p. ; _c22 cm |
||
| 500 | _aOriginally published: London : Macmillan, 1954 | ||
| 504 | _aIncludes bibliographical references and index | ||
| 650 | 0 |
_aPhilosophy _9168961 |
|
| 942 |
_2ddc _cBK |
||
| 999 |
_c56824 _d56824 |
||